| 000 | 00615nam a2200193Ia 4500 | ||
|---|---|---|---|
| 005 | 20260114185650.0 | ||
| 008 | 008 260114s9999 xx 000 0 eng d | ||
| 020 | _a9781472896001 | ||
| 037 | _aEBOOK | ||
| 040 |
_aCRL _beng _cCRL |
||
| 041 |
_aeng _2eng |
||
| 084 | _qCRL | ||
| 100 |
_aNick Lipscombe _9872876 |
||
| 245 | 0 | _aWellington?s Guns The Untold Story of Wellington and his Artillery in the Peninsula and at Waterloo | |
| 260 |
_bBloomsbury _c2013 |
||
| 856 | _uhttps://doi.org/10.5040/9781472896001?locatt=label:secondary_bloomsburyCollections | ||
| 942 | _cEBOOK | ||
| 999 |
_c1471824 _d1471824 |
||